Comunidades uniprovinciales - Estadísticas

Estadísticas generales
  • Esta prueba ha sido intentada 425 veces
  • La puntuación promedio es 7 de 7
Estadísticas de respuestas
Comunidad autónoma % Correcto
Principado de Asturias
99%
Región de Murcia
98%
Comunidad de Madrid
97%
Cantabria
96%
Comunidad Foral de Navarra
95%
La Rioja
95%
Islas Baleares
87%
No se encontraron pruebas coincidentes
Distribución de puntuación
Porcentaje de gente con cada puntuación
Porcentaje por número respondido
Historial de tus puntuaciones
No has intentado esta prueba.